000 00284nam a2200121Ia 4500
005 20251222143247.0
008 251222s9999||||xx |||||||||||||| ||spa||
020 _a978-964-2824-40-3
082 _a298.1/E39
245 0 _aJesús y María en el Islam
250 _a2a.ed.
942 _cLIB
999 _c14812
_d14812